| 000 | 00485nam a2200181Ia 4500 | ||
|---|---|---|---|
| 003 | GCL | ||
| 008 | 140319s9999 xx 000 0 eng d | ||
| 040 |
_aGCL / _cGCL |
||
| 082 | 0 | 4 |
_a947.8 _bDE |
| 100 | 1 | _aD'ENCAUSSE, HELEN CARRERE | |
| 245 | 1 | 0 |
_aL'EMPIRE ECLATE : LA REVOLTE DES NATIONS EN U.R.S.S / _cD'ENCAUSSE, HELEN CARRERE |
| 260 |
_a[S.N] : _bFLAMMARION ، _c1978 |
||
| 300 | _a399 | ||
| 650 | 0 | 4 | _aHISTORY |
| 650 | 0 | 4 | _aSOVIET UNION |
| 650 | 0 | 4 | _aRUSSIA |
| 942 |
_2ddc _cBK |
||
| 999 |
_c25370 _d25370 |
||